Frecuencia de parásitos intestinales en niños escolares : (Registro nro. 3081)

Detalles MARC
000 -LEADER
fixed length control field 01800nam a2200265 4500
005 - DATE AND TIME OF LATEST TRANSACTION
control field 20250329165417.0
007 - PHYSICAL DESCRIPTION FIXED FIELD--GENERAL INFORMATION
fixed length control field ta
008 - FIXED-LENGTH DATA ELEMENTS--GENERAL INFORMATION
fixed length control field 180709s2021 000 0 eng d
040 ## - CATALOGING SOURCE
Original cataloging agency CO-CtgCURN
Language of cataloging spa
Transcribing agency coctgcurn
082 0# - DEWEY DECIMAL CLASSIFICATION NUMBER
Classification number BAC 2021
Item number V217
100 1# - MAIN ENTRY--PERSONAL NAME
Personal name Van-stralhen, Yanetzy.
245 10 - TITLE STATEMENT
Title Frecuencia de parásitos intestinales en niños escolares :
Remainder of title Una revisión a nivel mundial de 2015 a 2021 /
Statement of responsibility, etc. Yanetzy Van-stralhen; Marisol Díaz; Jeyson Mendoza.
260 ## - PUBLICATION, DISTRIBUTION, ETC.
Date of publication, distribution, etc. 2021.
260 #1 - PUBLICATION, DISTRIBUTION, ETC.
Place of publication, distribution, etc. Cartagena de Indias : :
Name of publisher, distributor, etc. Corporación Universitaria Rafael Nuñez,,
Date of publication, distribution, etc. 2021.
300 ## - PHYSICAL DESCRIPTION
Extent 20 hojas.
504 ## - BIBLIOGRAPHY, ETC. NOTE
Bibliography, etc. note Trabajo de grado (Bacteriologia). Corporación Universitaria Rafael Nuñez. Facultad de Ciencias de la salud. Bacteriologia, 2021.
520 ## - SUMMARY, ETC.
Summary, etc. "La parasitosis intestinal es considerada un asunto de gran relevancia en salud pública que afecta a países de todos los niveles de ingresos, siendo responsable de altas tasas de morbilidad en el ámbito mundial. Estas enfermedades engloban las parasitosis del tubo digestivo producidas por protozoos (protozoosis) y por helmintos (helmintiasis), ya sean nematodos, trematodos o cestodos. Hasta ahora se han reportado aproximadamente 300 especies de helmintos y casi 70 especies de protozoos; de estas, una baja proporción causa enfermedades a nivel mundial."
650 14 - SUBJECT ADDED ENTRY--TOPICAL TERM
Topical term or geographic name entry element Bacteriologia
Form subdivision Tesis y disertaciones academicas.
700 1# - ADDED ENTRY--PERSONAL NAME
Personal name Díaz, Marisol.
700 1# - ADDED ENTRY--PERSONAL NAME
Personal name Mendoza, Jeyson.
856 ## - ELECTRONIC LOCATION AND ACCESS
Uniform Resource Identifier <a href="https://unicurn.sharepoint.com/:b:/s/biblioteca/Eb9JEyURMJZGsBZbdNSWYVABVQPuAScSRB2fOft0fdkGCw?e=HYzpMM">https://unicurn.sharepoint.com/:b:/s/biblioteca/Eb9JEyURMJZGsBZbdNSWYVABVQPuAScSRB2fOft0fdkGCw?e=HYzpMM</a>
Public note Click aqui para ver el recurso en texto completo
856 7# - ELECTRONIC LOCATION AND ACCESS
Public note Click aqui para ver el recurso en texto completo
942 ## - ADDED ENTRY ELEMENTS (KOHA)
Source of classification or shelving scheme Dewey Decimal Classification
Koha item type Trabajos de grado
Classification part BAC 2021
Item part V217
Existencias
Withdrawn status Lost status Source of classification or shelving scheme Damaged status Not for loan Home library Current library Shelving location Date acquired Source of acquisition Cost, normal purchase price Total checkouts Full call number Barcode Date last seen Copy number Price effective from Koha item type
    Dewey Decimal Classification     Miguel Henríquez Emiliani Miguel Henríquez Emiliani Trabajo de grado 03/29/2025 El autor 350000.00   BAC 2021 V217 023948 06/20/2021 1 06/20/2021 Trabajos de grado